000
00280nam a2200097Ia 4500
008
230907s9999||||xx |||||||||||||| ||und||
082
_a
621.3815322
_b
KAZ
245
0
_a
Solutions manual for resonant power converters /
260
_a
John Wiley & Sons,
_b
New York :
_c
1995
942
_c
BK
999
_c
598892
_d
598892